| 000 | 00814nam a2200253 i 4500 | ||
|---|---|---|---|
| 003 | DO-SdBNP | ||
| 005 | 20230627092529.0 | ||
| 006 | a||||fr|||| 00| 0 | ||
| 007 | ta | ||
| 008 | 190808s1990 000 spa d | ||
| 040 |
_aDO-SdBNP _espa _cBNPHU _brda |
||
| 082 | 4 |
_222 _bG633r |
|
| 100 |
_aGómez Yangüela, Cristóbal _917052 |
||
| 240 | _aLeyes | ||
| 245 | 1 | 0 |
_aRepertorio alfabético de la jurisprudencia dominicana : _csentencias de la Suprema Corte de Justicia (1943 - 1948). / _bCristóbal Gómez Yangüela |
| 264 | 1 |
_aSanto Domingo : _bTiempo, S. A., _c1990 |
|
| 300 |
_av. ; _c21 cm. |
||
| 336 |
_2rdaconten _atexto _btxt |
||
| 337 |
_2rdamedia _asin medición _bn |
||
| 338 |
_2rdacarrier _avolumen _bnc |
||
| 490 |
_aJurisprudencia ; _v3 |
||
| 590 | _aInventariado 2023 / MF | ||
| 942 |
_2ddc _cLBS1 |
||
| 999 |
_c48762 _d48762 |
||